[Event "Mukachevo IM May 2019"]
[Site "Mukachevo"]
[Date "2019.05.12"]
[Round "6.2"]
[White "Tiba, Vladyslav"]
[Black "Oros, Robert"]
[Result "1/2-1/2"]
[WhiteElo "2370"]
[BlackElo "2316"]
[Annotator "ChessBase"]
[PlyCount "115"]
[EventDate "2019.05.09"]
[EventType "tourn"]
[EventCountry "UKR"]
[SourceTitle "playchess.com"]
[Source "ChessBase"]
[SourceQuality "1"]
[TimeControl "40/5400+30:900+30"]

1. e4 {[%emt 0:00:00]} c5 {[%emt 0:00:00]} 2. Nf3 {[%emt 0:00:00]} Nc6 {[%emt 0:00:00]} 3. Bb5 {[%emt 0:00:00]} e6 {[%emt 0:00:18]} 4. O-O {[%emt 0:00:00]} Nge7 {[%emt 0:00:06]} 5. d4 {[%emt 0:00:10]} cxd4 {[%emt 0:01:39]} 6. Nxd4 {[%emt 0:00:05]} Qb6 {[%emt 0:02:21]} 7. Nxc6 {[%emt 0:00:06]} dxc6 {[%emt 0:03:00]} 8. Bc4 {[%emt 0:03:13]} Ng6 {[%emt 0:00:29]} 9. Kh1 {[%emt 0:00:18]} e5 {[%emt 0:05:18]} 10. Qf3 {[%emt 0:00:20]} Be6 {[%emt 0:06:47]} 11. Bxe6 {[%emt 0:01:40]} fxe6 {[%emt 0:00:08]} 12. Qg4 {[%emt 0:07:42]} O-O-O {[%emt 0:00:16]} 13. Qxe6+ {[%emt 0:00:48]} Kb8 {[%emt 0:00:23]} 14. Bg5 {[%emt 0:29:52]} Rc8 {[%emt 0:06:50]} 15. Nd2 {[%emt 0:03:57]} Bc5 {[%emt 0:05:20]} 16. Nc4 {[%emt 0:03:15]} Qc7 {[%emt 0:01:45]} 17. Rad1 {[%emt 0:02:13]} Rce8 {[%emt 0:01:14]} 18. Qh3 {[%emt 0:00:24]} b5 {[%emt 0:05:04]} 19. Rd7 {[%emt 0:12:12]} Qc8 {[%emt 0:00:21]} 20. Na5 {[%emt 0:00:08]} Bb6 {[%emt 0:01:30]} 21. b4 {[%emt 0:08:58]} Nf8 {[%emt 0:03:26]} 22. Rf7 {[%emt 0:00:48]} Ne6 {[%emt 0:01:58]} 23. Be3 {[%emt 0:00:30]} Rhf8 {[%emt 0:01:12]} 24. Rb7+ {[%emt 0:01:25]} Qxb7 {[%emt 0:00:37]} 25. Nxb7 {[%emt 0:00:05]} Kxb7 {[%emt 0:00:18]} 26. Bxb6 {[%emt 0:00:29]} Kxb6 {[%emt 0:02:30]} 27. Qxh7 {[%emt 0:00:27]} Nd4 {[%emt 0:01:15]} 28. c3 {[%emt 0:01:21]} Ne2 {[%emt 0:00:24]} 29. Qxg7 {[%emt 0:05:30]} Nxc3 {[%emt 0:01:46]} 30. Qg3 {[%emt 0:00:12]} Na4 {[%emt 0:00:44]} 31. Rc1 {[%emt 0:01:33]} Nb2 {[%emt 0:00:24]} 32. Qe3+ {[%emt 0:04:27]} Kb7 {[%emt 0:01:04]} 33. g3 {[%emt 0:01:23]} Rd8 {[%emt 0:00:39]} 34. h4 {[%emt 0:02:07]} Nc4 {[%emt 0:01:30]} 35. Qc5 {[%emt 0:01:19]} Rf7 {[%emt 0:01:21]} 36. Rxc4 {[%emt 0:07:50]} bxc4 {[%emt 0:00:20]} 37. Kg2 {[%emt 0:01:18]} Rd4 {[%emt 0:02:13]} 38. b5 {[%emt 0:01:00]} Rc7 {[%emt 0:01:08]} 39. Qxe5 {[%emt 0:00:22]} Rd3 {[%emt 0:00:49]} 40. h5 {[%emt 0:00:00]} cxb5 {[%emt 0:00:00]} 41. Qxb5+ {[%emt 0:01:02]} Kc8 {[%emt 0:01:53]} 42. h6 {[%emt 0:03:03]} Rdd7 {[%emt 0:01:08]} 43. e5 {[%emt 0:08:37]} c3 {[%emt 0:00:57]} 44. e6 {[%emt 0:00:08]} Re7 {[%emt 0:07:30]} 45. Qf5 {[%emt 0:01:30]} Kb8 {[%emt 0:01:48]} 46. Qc2 {[%emt 0:01:39]} Rc8 {[%emt 0:06:24]} 47. g4 {[%emt 0:03:01]} Rxe6 {[%emt 0:01:11]} 48. g5 {[%emt 0:00:07]} Re5 {[%emt 0:00:40]} 49. f4 {[%emt 0:01:26]} Re3 {[%emt 0:06:44]} 50. h7 {[%emt 0:00:47]} Rd8 {[%emt 0:01:59]} 51. g6 {[%emt 0:00:55]} Kc7 {[%emt 0:01:17]} 52. g7 {[%emt 0:00:39]} Rd2+ {[%emt 0:00:19]} 53. Qxd2 {[%emt 0:00:37]} cxd2 {[%emt 0:00:08]} 54. g8=Q {[%emt 0:00:11]} d1=Q {[%emt 0:00:51]} 55. Qc4+ {[%emt 0:00:09]} Kb6 {[%emt 0:01:06]} 56. Qb4+ {[%emt 0:00:17]} Kc6 {[%emt 0:01:35]} 57. Qc4+ {[%emt 0:00:06]} Kb6 {[%emt 0:00:52]} 58. Qb4+ {[%emt 0:00:10]} 1/2-1/2

[Event "Mukachevo IM May 2019"]
[Site "Mukachevo"]
[Date "2019.05.12"]
[Round "6.3"]
[White "Vachylia, Andrii"]
[Black "Ceres, Dragos"]
[Result "0-1"]
[WhiteElo "2285"]
[BlackElo "2317"]
[Annotator "ChessBase"]
[PlyCount "84"]
[EventDate "2019.05.09"]
[EventType "tourn"]
[EventCountry "UKR"]
[SourceTitle "playchess.com"]
[Source "ChessBase"]
[SourceQuality "1"]
[TimeControl "40/5400+30:900+30"]

1. d4 {[%emt 0:00:27]} Nf6 {[%emt 0:00:00]} 2. c4 {[%emt 0:00:05]} e6 {[%emt 0:00:00]} 3. Nf3 {[%emt 0:00:04]} d5 {[%emt 0:00:00]} 4. g3 {[%emt 0:00:43]} dxc4 {[%emt 0:00:00]} 5. Bg2 {[%emt 0:00:10]} Nc6 {[%emt 0:00:10]} 6. O-O {[%emt 0:01:35]} Rb8 {[%emt 0:00:16]} 7. Nc3 {[%emt 0:11:54]} b5 {[%emt 0:09:02]} 8. a4 {[%emt 0:22:03]} b4 {[%emt 0:01:03]} 9. Nb5 {[%emt 0:02:37]} a6 {[%emt 0:10:22]} 10. Ne5 {[%emt 0:00:14]} Nxe5 {[%emt 0:00:39]} 11. dxe5 {[%emt 0:00:06]} Nd5 {[%emt 0:02:28]} 12. Nd4 {[%emt 0:02:00]} Bb7 {[%emt 0:00:30]} 13. Qc2 {[%emt 0:01:56]} c3 {[%emt 0:08:19]} 14. Rd1 {[%emt 0:00:45]} c5 {[%emt 0:02:23]} 15. Nf3 {[%emt 0:00:16]} Qc7 {[%emt 0:07:42]} 16. e4 {[%emt 0:02:28]} cxb2 {[%emt 0:00:44]} 17. Bxb2 {[%emt 0:00:05]} Nb6 {[%emt 0:00:10]} 18. a5 {[%emt 0:01:09]} Nd7 {[%emt 0:00:07]} 19. Nd2 {[%emt 0:00:13]} Be7 {[%emt 0:02:17]} 20. Nc4 {[%emt 0:00:25]} O-O {[%emt 0:00:13]} 21. f4 {[%emt 0:01:49]} Rfe8 {[%emt 0:13:10]} 22. Qe2 {[%emt 0:12:57]} Bc6 {[%emt 0:05:40]} 23. Qg4 {[%emt 0:06:25]} Bb5 {[%emt 0:00:16]} 24. Nd6 {[%emt 0:00:26]} c4 {[%emt 0:00:10]} 25. Bd4 {[%emt 0:02:59]} Bf8 {[%emt 0:08:44]} 26. f5 {[%emt 0:21:49]} Nc5 {[%emt 0:01:21]} 27. Bf1 {[%emt 0:04:31]} Nb3 {[%emt 0:04:56]} 28. Nxe8 {[%emt 0:00:29]} Rxe8 {[%emt 0:00:08]} 29. Bb6 {[%emt 0:00:05]} Qxe5 {[%emt 0:00:50]} 30. Ra2 {[%emt 0:00:20]} c3 {[%emt 0:06:02]} 31. Bxb5 {[%emt 0:01:06]} Qxb5 {[%emt 0:00:15]} 32. fxe6 {[%emt 0:00:06]} Rxe6 {[%emt 0:00:11]} 33. Rf2 {[%emt 0:00:11]} Nxa5 {[%emt 0:02:41]} 34. Bd4 {[%emt 0:00:44]} Nc6 {[%emt 0:02:24]} 35. Be3 {[%emt 0:01:55]} b3 {[%emt 0:02:23]} 36. Rdf1 {[%emt 0:00:22]} Ne5 {[%emt 0:01:10]} 37. Qd1 {[%emt 0:00:32]} c2 {[%emt 0:00:56]} 38. Qc1 {[%emt 0:01:09]} f6 {[%emt 0:00:57]} 39. Rf5 {[%emt 0:00:41]} Qd3 {[%emt 0:00:41]} 40. Ba7 {[%emt 0:00:00]} Nc4 {[%emt 0:00:00]} 41. R5f2 {[%emt 0:00:46]} Qxe4 {[%emt 0:02:52]} 42. Rf4 {[%emt 0:01:05]} b2 {[%emt 0:00:36]} 0-1

[Event "Mukachevo IM May 2019"]
[Site "Mukachevo"]
[Date "2019.05.12"]
[Round "6.4"]
[White "Martynyuk, Elizaveta"]
[Black "Shankovskyi, Andrii"]
[Result "1-0"]
[WhiteElo "2141"]
[BlackElo "2374"]
[Annotator "NA"]
[PlyCount "69"]
[EventDate "2019.05.09"]
[EventType "tourn"]
[EventCountry "UKR"]
[SourceTitle "playchess.com"]
[Source "ChessBase"]
[SourceQuality "1"]
[TimeControl "40/5400+30:900+30"]

1. e4 {[%emt 0:04:06]} e5 {[%emt 0:00:00]} 2. Nf3 {[%emt 0:00:06]} Nc6 {[%emt 0:00:00]} 3. Bc4 {[%emt 0:00:05]} Nf6 {[%emt 0:00:00]} 4. d3 {[%emt 0:00:06]} Bc5 {[%emt 0:00:00]} 5. c3 {[%emt 0:00:04]} d6 {[%emt 0:00:01]} 6. Bb3 {[%emt 0:00:06]} a6 {[%emt 0:00:06]} 7. Nbd2 {[%emt 0:00:13]} h6 {[%emt 0:00:09]} 8. h3 {[%emt 0:00:12]} O-O {[%emt 0:01:23]} 9. O-O {[%emt 0:00:06]} Nh5 {[%emt 0:00:19]} 10. Nxe5 {[%emt 0:20:24]} dxe5 {[%emt 0:02:14]} 11. Qxh5 {[%emt 0:00:14]} Qxd3 {[%emt 0:00:20]} 12. Bd5 {[%emt 0:05:23]} Ne7 {[%emt 0:15:26]} 13. Nb3 {[%emt 0:03:49]} Ba7 {[%emt 0:09:27]} 14. Qxe5 {[%emt 0:12:52]} c6 {[%emt 0:01:16]} 15. Bxh6 {[%emt 0:05:06]} gxh6 {[%emt 0:03:19]} 16. Rad1 {[%emt 0:06:16]} Qb5 {[%emt 0:01:56]} 17. a4 {[%emt 0:02:42]} Qb6 {[%emt 0:01:18]} 18. Bc4 {[%emt 0:01:29]} Ng6 {[%emt 0:05:21]} 19. Qg3 {[%emt 0:02:12]} Kg7 {[%emt 0:09:00]} 20. a5 {[%emt 0:00:13]} Bb8 {[%emt 0:04:48]} 21. Qxg6+ {[%emt 0:00:11]} Kxg6 {[%emt 0:00:07]} 22. axb6 {[%emt 0:00:03]} a5 {[%emt 0:00:01]} 23. f4 {[%emt 0:00:26]} a4 {[%emt 0:00:01]} 24. Nc5 {[%emt 0:02:30]} Ra5 {[%emt 0:00:08]} 25. Nd7 {[%emt 0:00:05]} Bxd7 {[%emt 0:00:11]} 26. Rxd7 {[%emt 0:00:04]} a3 {[%emt 0:00:03]} 27. bxa3 {[%emt 0:00:19]} Rxa3 {[%emt 0:00:11]} 28. Rf3 {[%emt 0:00:11]} Ra1+ {[%emt 0:00:44]} 29. Kh2 {[%emt 0:00:10]} Rb1 {[%emt 0:01:34]} 30. Rxb7 {[%emt 0:00:08]} f5 {[%emt 0:00:48]} 31. e5 {[%emt 0:00:34]} h5 {[%emt 0:00:30]} 32. Rg3+ {[%emt 0:00:11]} Kh6 {[%emt 0:00:01]} 33. Rgg7 {[%emt 0:00:08]} Rh8 {[%emt 0:00:12]} 34. Rge7 {[%emt 0:00:35]} h4 {[%emt 0:00:24]} 35. Re6+ {[%emt 0:00:09]} 1-0

[Event "Mukachevo IM May 2019"]
[Site "Mukachevo"]
[Date "2019.05.12"]
[Round "6.5"]
[White "Itkis, Boris"]
[Black "Shkuran, Danylo"]
[Result "1/2-1/2"]
[WhiteElo "2327"]
[BlackElo "2357"]
[Annotator "NA"]
[PlyCount "60"]
[EventDate "2019.05.09"]
[EventType "tourn"]
[EventCountry "UKR"]
[SourceTitle "playchess.com"]
[Source "ChessBase"]
[SourceQuality "1"]
[TimeControl "40/5400+30:900+30"]

1. d4 {[%emt 0:00:00]} d5 {[%emt 0:00:31]} 2. c4 {[%emt 0:02:10]} c6 {[%emt 0:00:07]} 3. cxd5 {[%emt 0:00:07]} cxd5 {[%emt 0:00:06]} 4. Nc3 {[%emt 0:00:05]} Nf6 {[%emt 0:00:08]} 5. Nf3 {[%emt 0:00:05]} Nc6 {[%emt 0:00:10]} 6. Bf4 {[%emt 0:00:08]} e6 {[%emt 0:00:08]} 7. e3 {[%emt 0:00:05]} Bd6 {[%emt 0:00:06]} 8. Bxd6 {[%emt 0:00:06]} Qxd6 {[%emt 0:00:05]} 9. Bd3 {[%emt 0:00:08]} O-O {[%emt 0:00:11]} 10. O-O {[%emt 0:00:09]} Bd7 {[%emt 0:00:57]} 11. Rc1 {[%emt 0:00:06]} Rfc8 {[%emt 0:00:15]} 12. a3 $11 {[%emt 0:00:43]} e5 {[%emt 0:02:39]} 13. dxe5 {[%emt 0:00:09]} Nxe5 {[%emt 0:00:05]} 14. Nxe5 {[%emt 0:00:43]} Qxe5 {[%emt 0:00:09]} 15. Qf3 {[%emt 0:00:36]} Bg4 {[%emt 0:02:31]} 16. Qg3 {[%emt 0:00:08]} Qxg3 {[%emt 0:00:04]} 17. hxg3 {[%emt 0:00:06]} a6 {[%emt 0:01:23]} 18. Na4 {[%emt 0:01:45]} Rxc1 {[%emt 0:01:30]} 19. Rxc1 {[%emt 0:00:22]} Rc8 {[%emt 0:00:03]} 20. Rxc8+ {[%emt 0:00:07]} Bxc8 {[%emt 0:00:06]} 21. Nc3 {[%emt 0:00:07]} Kf8 {[%emt 0:00:19]} 22. f3 {[%emt 0:00:18]} Ke7 {[%emt 0:00:18]} 23. Kf2 {[%emt 0:00:21]} Kd6 {[%emt 0:00:52]} 24. g4 {[%emt 0:00:08]} h6 {[%emt 0:00:06]} 25. Ne2 {[%emt 0:01:09]} Be6 {[%emt 0:00:26]} 26. Nd4 {[%emt 0:00:10]} Nd7 {[%emt 0:00:10]} 27. Ke2 {[%emt 0:00:16]} Ne5 {[%emt 0:00:46]} 28. b3 {[%emt 0:00:24]} g6 {[%emt 0:01:04]} 29. Kd2 {[%emt 0:00:25]} Bd7 {[%emt 0:00:13]} 30. Be2 {[%emt 0:00:21]} Kc5 {[%emt 0:00:14]} 1/2-1/2

[Event "Mukachevo IM May 2019"]
[Site "Mukachevo"]
[Date "2019.05.13"]
[Round "7.1"]
[White "Shkuran, Danylo"]
[Black "Tran, David"]
[Result "1-0"]
[WhiteElo "2357"]
[BlackElo "2070"]
[Annotator "TA"]
[PlyCount "107"]
[EventDate "2019.05.09"]
[EventType "tourn"]
[EventCountry "UKR"]
[SourceTitle "playchess.com"]
[Source "ChessBase"]
[SourceQuality "1"]

{[%evp 20,107,7,0,29,46,41,24,10,6,46,18,60,44,52,38,58,33,66,70,55,63,57,57,64,70,61,62,95,52,57,22,21,0,15,8,12,0,46,0,257,252,269,269,322,325,356,346,426,422,485,443,1097,933,932,-24,-42,-34,-24,-24,0,0,245,235,372,333,337,333,909,900,865,849,814,706,29968,29968,29968,29967,29971,29972,29972,29972,29972,29970,29972,29973,29974,29975,29974,29975]} 1. Nf3 Nf6 2. g3 g6 3. Bg2 Bg7 4. O-O O-O 5. d4 d6 6. Nc3 Nbd7 7. e4 e5 8. h3 c6 9. a4 Re8 10. Re1 Qc7 11. a5 Nf8 {B07: Pirc Defence: Miscellaneous Systems} (11... Rb8 12. b3 b5 13. axb6 axb6 14. Ba3 Bf8 15. d5 Bb7 16. dxc6 Bxc6 17. Nd2 b5 18. Bb4 Ra8 19. Qe2 Qb6 {1-0 (69) Zhao,J (2604)-Adhiban,B (2655) Riadh 2017}) 12. Be3 Bd7 13. Qd3 $146 ({Predecessor:} 13. Qd2 b5 14. axb6 axb6 15. Kh2 Ne6 16. Rad1 Bf8 17. Re2 b5 18. dxe5 dxe5 19. Bh6 {½-½ (64) Chudinovskih,A (2275)-Skacelik,P (2172) Brno 2015}) 13... Ne6 {White has an edge.} 14. b4 h6 15. Qd2 Kh7 16. Red1 Red8 17. Qe2 Bf8 18. d5 cxd5 19. Nxd5 Nxd5 20. exd5 Ng7 21. c4 Nf5 22. Bc1 Bg7 {Strongly threatening ...e4!} 23. Bb2 Be8 24. Nd2 b5 25. axb6 axb6 26. Ne4 Nd4 27. Bxd4 $1 exd4 28. Qd3 f5 29. Nd2 b5 $2 {[%mdl 8192]} (29... Rxa1 $1 $11 30. Rxa1 b5) 30. Rxa8 $18 Rxa8 {[#]} 31. c5 $1 {[%mdl 512]} Ra4 (31... dxc5 32. d6) 32. Re1 dxc5 33. bxc5 ({Not} 33. Rxe8 c4 $16) 33... Qxc5 34. Rxe8 Qc3 35. Qe2 Ra2 (35... d3 $142 36. Qe6 h5) 36. Qe6 {[%csl Ge8][%cal Re6g8]} h5 37. d6 $2 ({White should play} 37. Nf3 $18) 37... Qxd2 $11 38. Qe1 {Threatens to win with Qxd2.} Qxe1+ 39. Rxe1 $15 {[%mdl 4096] Endgame aiming for d7. KRB-KRB} Bf6 40. Re6 Kg7 $2 {[#]} (40... d3 $11 {and Black is okay.} 41. Rxf6 Ra1+ 42. Kh2 d2) 41. d7 $1 $18 {Rxf6! would kill now.} Ra7 {[#]} (41... Ra1+ $142 42. Kh2 Bg5) 42. Rxf6 $1 {[%mdl 512]} Rxd7 {KRB-KR} (42... Kxf6 43. d8=Q+) 43. Rb6 d3 $2 {[#]} (43... h4 44. Rxb5 hxg3 45. fxg3 Kh6) 44. Rb7 $1 Rxb7 45. Bxb7 {KB-KP} Kf6 46. Kf1 f4 47. gxf4 {White mates.} Kf5 48. Ba6 Kxf4 49. Bxb5 {KB-K3P} d2 50. Be2 Ke4 51. Kg2 Kf4 52. Bd1 h4 53. Kf1 g5 54. Bg4 {Accuracy: White = 57%, Black = 20%.} 1-0

[Event "Mukachevo IM May 2019"]
[Site "Mukachevo"]
[Date "2019.05.13"]
[Round "7.2"]
[White "Shankovskyi, Andrii"]
[Black "Itkis, Boris"]
[Result "1-0"]
[WhiteElo "2374"]
[BlackElo "2327"]
[Annotator "TA"]
[PlyCount "105"]
[EventDate "2019.05.09"]
[EventType "tourn"]
[EventCountry "UKR"]
[SourceTitle "playchess.com"]
[Source "ChessBase"]
[SourceQuality "1"]

{[%evp 14,105,63,27,67,53,100,49,101,91,117,118,133,131,211,147,230,212,206,204,251,247,435,100,85,0,0,0,0,8,21,20,18,27,23,19,33,8,8,-52,14,0,0,0,13,10,16,19,17,13,23,21,24,0,0,0,0,3,12,-79,-79,-79,-70,-79,-79,-75,-63,-101,-79,-83,-83,-91,-91,-93,-84,-82,-89,-2081,-151,-174,-138,-199,-79,-79,-53,-51,0,-80,0,-223,0,0,312,250]} 1. e4 d6 2. d4 Nf6 3. Nc3 g6 4. Bg5 Bg7 5. Qd2 h6 6. Bf4 g5 7. Bg3 Nh5 8. Nge2 e6 {B07: Pirc Defence: Miscellaneous Systems} 9. O-O-O (9. f3 Nxg3 10. hxg3 a6 11. g4 Nc6 12. O-O-O Bd7 13. Qe3 Qe7 14. Ng3 O-O-O 15. Nh5 Bf8 16. d5 {1-0 (29) Amonatov,F (2614)-Mamedyarov,S (2746) Almaty 2016}) 9... Nd7 10. f4 (10. h4 $16) 10... Nxg3 $146 ({Better is} 10... a6 $14) ({Predecessor:} 10... a6 11. Bf2 Nxf4 12. Nxf4 gxf4 13. Qxf4 Qg5 14. Qd2 Qxd2+ 15. Rxd2 b5 16. a3 {½-½ (36) Ducarmon,Q (2488)-Narciso Dublan,M (2515) Sitges 2014}) 11. Nxg3 $16 gxf4 12. Nh5 Bf6 13. Kb1 Bg5 (13... Rg8 $16) 14. Qf2 ({And not} 14. Nxf4 e5 $11) 14... Nf6 (14... e5 $16) 15. Be2 $1 $18 ({Don't do} 15. Nxf4 $6 Ng4 $14) 15... Nxh5 16. Bxh5 Rh7 17. h4 Bf6 $2 (17... Be7 {might work better.} 18. e5 d5 19. Qxf4 c6) 18. Qxf4 $2 (18. e5 $18 {is the precise move to win.}) 18... e5 $16 19. dxe5 (19. Qf2 $16 exd4 20. Nb5) 19... Bxe5 $11 20. Qf3 c6 21. Ne2 Be6 22. Nd4 Bxd4 23. Rxd4 {And now b3 would win.} Qa5 24. b3 O-O-O 25. Ra4 Qc5 26. Bg4 (26. Rd1 $11) 26... Kb8 ({Black should try} 26... b5 $1 $15 27. Ra5 Kb7 28. Bxe6 fxe6) 27. Rd1 (27. Bxe6 {is more complex.} fxe6 28. Qf6 Rg8 29. Rc4 Qe5 30. Qxe5 dxe5 31. Rc5) 27... Qe5 28. Bf5 Rhh8 29. Rad4 Rhg8 30. g4 Kc7 31. R4d2 Rge8 32. Bxe6 Qxe6 33. Rf1 Rd7 34. Re2 Rg8 35. Rg1 Re7 36. Qf4 {[#]} (36. Ree1 $11) 36... f5 $1 $17 {[%cal Rg8g4][%mdl 512]} 37. g5 (37. exf5 Qxe2) 37... fxe4 38. Rg4 hxg5 39. hxg5 Rg6 40. Qg3 e3 41. Qh4 Qf5 42. Kb2 Qe5+ 43. c3 Qf5 44. Rg3 Qd3 {[#]} 45. Qg4 $2 {[%mdl 8192] [#]} (45. Rgxe3 $1 $17 {[%mdl 512]} Qxe2+ (45... Qxe3 46. Rxe3) 46. Rxe2 Rxe2+ 47. Ka3) 45... Re5 $2 (45... Rxg5 $1 $19 {[%mdl 512] has better winning chances.} 46. Qxg5 Qxe2+ 47. Ka3 Qa6+ 48. Kb2 Rh7) 46. Qf3 Kb6 47. Rg4 (47. b4 $17) 47... Rgxg5 (47... c5 $1 $19 {is more deadly. Threatens to win with ...d5.} 48. Reg2 d5) 48. Rb4+ Ka6 49. Ra4+ Kb6 {Strongly threatening ...c5.} (49... Ra5 $5 {[%cal Ra5a4]} 50. Rd4 Qg6 51. Qxe3 Rg1 $15) 50. Rb4+ Ka6 (50... Rb5 $1 $17 {[%cal Rb5b4] aiming for ...Rxb4.} 51. Rxb5+ Rxb5 52. Qxe3+ Qxe3 53. Rxe3 Rh5) 51. Rd4 $2 {[#]} (51. Ra4+ $11 Kb6 52. Rb4+) 51... Rgf5 $2 ({Black should play} 51... Qg6 $1 $19 {White must now prevent ...Rg1.} 52. Ra4+ Kb6 53. Rxe3 Rg2+ 54. Ka3 {[#]} Rxa2+ $1 {[%mdl 512]} 55. Kxa2 Qc2+ 56. Ka3 Qc1+ {[%mdl 64] Double Attack} 57. Ka2 Qxe3 58. Rb4+ Kc7 59. Qxe3 Rxe3) 52. Qg4 $11 Qxe2+ $4 {[%mdl 8192]} (52... Rg5 $1 $11 {and Black is okay.}) 53. Qxe2+ {Accuracy: White = 40%, Black = 43%.} 1-0

[Event "Mukachevo IM May 2019"]
[Site "Mukachevo"]
[Date "2019.05.13"]
[Round "7.3"]
[White "Ceres, Dragos"]
[Black "Martynyuk, Elizaveta"]
[Result "1/2-1/2"]
[WhiteElo "2317"]
[BlackElo "2141"]
[Annotator "TA"]
[PlyCount "65"]
[EventDate "2019.05.09"]
[EventType "tourn"]
[EventCountry "UKR"]
[SourceTitle "playchess.com"]
[Source "ChessBase"]
[SourceQuality "1"]

{[%evp 14,65,40,37,56,60,53,52,113,106,141,134,125,124,100,94,164,165,238,227,227,204,203,200,218,163,193,159,144,141,189,140,165,119,142,72,65,70,71,42,416,43,48,53,49,23,39,16,20,22,36,0,12,0]} 1. e4 c5 2. Nf3 e6 3. d4 cxd4 4. Nxd4 Nc6 5. Nc3 Qc7 6. Be3 a6 7. a3 Nf6 8. f4 Nxd4 {B48: Sicilian: Taimanov: 5 Nc3 Qc7 6 Be3 a6 without Be2} 9. Bxd4 Qxf4 10. g3 Qg4 $146 (10... Qh6 $14) ({Predecessor:} 10... Qc7 11. e5 Nd5 12. Ne4 b5 13. Bg2 Bb7 14. O-O Be7 15. Qg4 O-O 16. Rf2 {1-0 (41) Burke,J (2550)-Durarbayli,V (2628) Ledyard 2019}) 11. Be2 $16 Qg6 12. e5 $1 {[%cal Re5f6]} Ne4 13. Nxe4 $1 Qxe4 14. O-O $36 {[%mdl 2048] Hoping for Bf3. White has strong initiative.} Qc6 (14... h5 $16) 15. Bf3 $1 $18 {[%cal Rf3c6]} Qc7 (15... d5 $142) 16. Bh5 g6 {[#]} 17. Qf3 $1 {[%cal Rf3f7][%mdl 512]} f5 18. exf6 Kf7 19. Bg4 Bc5 20. Qe3 Bxd4 21. Qxd4 b6 22. Bf3 Rb8 23. b4 b5 {[#]} 24. Rf2 (24. Qd2 $142 $1 {[%cal Rd2h6] Qh6! is the strong threat.} h5 25. Rad1) 24... Bb7 $16 {With the idea ...Bxf3.} 25. Rd1 Bxf3 26. Rxf3 Rhd8 $2 {[%mdl 8192]} ({Black should try} 26... d5 $14) 27. Qh4 $2 ({White must play} 27. Qd2 $18 {Intending Qh6 and mate.} Rh8 28. Qxd7+ Qxd7 29. Rxd7+ Ke8 30. Re7+ Kf8 31. Rc3) 27... h5 $14 28. Qg5 {Qh6 would kill now.} Rh8 $1 29. Rfd3 Qb6+ 30. Kf1 d5 31. Qe5 {Strongly threatening Rxd5!} Rhe8 32. Qg5 Rh8 33. Qe5 {Accuracy: White = 35%, Black = 47%.} 1/2-1/2

[Event "Mukachevo IM May 2019"]
[Site "Mukachevo"]
[Date "2019.05.13"]
[Round "7.4"]
[White "Oros, Robert"]
[Black "Vachylia, Andrii"]
[Result "1/2-1/2"]
[WhiteElo "2316"]
[BlackElo "2285"]
[Annotator "TA"]
[PlyCount "68"]
[EventDate "2019.05.09"]
[EventType "tourn"]
[EventCountry "UKR"]
[SourceTitle "playchess.com"]
[Source "ChessBase"]
[SourceQuality "1"]

{[%evp 19,68,-17,-5,-3,0,-62,-45,-50,-31,-62,-56,-62,-62,-62,-57,-58,-51,-57,-5,-23,-11,-28,-24,-23,-25,-23,-10,-14,0,-12,-10,-12,0,0,0,-42,-50,-35,-35,-35,-35,-35,-33,-22,-12,-97,-81,-89,-87,-108,-77]} 1. e4 c5 2. Nf3 Nc6 3. Nc3 Nf6 4. d4 cxd4 5. Nxd4 e5 6. Ndb5 d6 7. a4 a6 8. Na3 Bg4 9. f3 Be6 10. Bc4 Rc8 11. O-O {B33: Sicilian: Pelikan and Sveshnikov Variations} (11. Be3 Nb4 12. Bxe6 fxe6 13. O-O Be7 14. Ne2 d5 15. c3 Nc6 16. Ng3 O-O 17. Nc2 Na5 18. Qe2 Qd7 {½-½ (75) Milos,G (2593)-Mekhitarian,K (2511) Porto Alegre 2008}) 11... Nb4 12. b3 (12. Nd5 $11) 12... d5 $15 13. exd5 {Black is slightly better.} Nbxd5 $146 (13... Bc5+ {looks sharper.} 14. Kh1 Nbxd5 15. Bxd5 Nxd5 16. Nxd5 Qxd5 17. Qe2 f6) ({Predecessor:} 13... Bc5+ 14. Kh1 Nbxd5 15. Nxd5 Nxd5 16. Bxd5 Qxd5 17. Qe2 Bd4 18. c4 Qc5 {½-½ (54) Navarro,S (2257)-Colmenares,A (2377) Gallipoli 2017}) 14. Nxd5 Nxd5 15. Bxd5 Qxd5 16. Qxd5 Bxd5 17. Re1 f6 18. c4 Bc6 (18... Be6 $15) 19. Be3 Be7 20. Red1 Kf7 21. Bb6 g5 22. Nc2 h5 23. Ne3 Ke6 24. Nd5 Bxd5 25. Rxd5 g4 26. f4 Rc6 27. Be3 Rd6 28. Rxd6+ Bxd6 29. fxe5 $1 Bxe5 {KRB-KRB} 30. Rd1 h4 31. Bf2 h3 {...hxg2 is the strong threat.} 32. Rd3 (32. Bg3 $1 $11 {keeps the balance.}) 32... hxg2 $17 {And now ...f5 would win.Black is better.} 33. Bg3 {[#]} Bxg3 $1 34. hxg3 {[#]} Rh1+ $1 {Accuracy: White = 57%, Black = 57%.} 1/2-1/2

[Event "Mukachevo IM May 2019"]
[Site "Mukachevo"]
[Date "2019.05.13"]
[Round "7.5"]
[White "Larkin, Vladyslav"]
[Black "Tiba, Vladyslav"]
[Result "1/2-1/2"]
[WhiteElo "2366"]
[BlackElo "2370"]
[Annotator "TA"]
[PlyCount "61"]
[EventDate "2019.05.09"]
[EventType "tourn"]
[EventCountry "UKR"]
[SourceTitle "playchess.com"]
[Source "ChessBase"]
[SourceQuality "1"]

{[%evp 14,61,4,9,13,20,20,4,4,-2,0,-4,-11,-24,-21,-21,-13,-32,-17,-16,-15,-13,-13,-13,-11,-21,8,-14,0,-2,0,-5,0,-17,-16,-53,-13,-42,-39,-40,-5,-24,0,0,0,-8,-4,-4,0,0]} 1. e4 e6 2. d4 d5 3. exd5 exd5 4. Nf3 Nf6 5. Bd3 Bd6 6. O-O O-O 7. h3 h6 8. Re1 Re8 {C01: French: Exchange Variation} 9. Rxe8+ (9. Nc3 c6 10. Ne5 Nbd7 11. Bf4 Qc7 12. Qf3 Nxe5 13. dxe5 Rxe5 14. Bxe5 Bxe5 15. Re2 Bd7 16. Rae1 {1-0 (65) Bacrot,E (2725)-Akobian,V (2647) Riadh 2017}) 9... Qxe8 10. c3 Nc6 11. Nbd2 Ne7 $146 ({Predecessor:} 11... Bd7 12. Nf1 Ne7 13. Ne3 Bb5 {½-½ (13) Marinkovic,I (2463)-Robulj,N (2298) Kragujevac 2015}) 12. Nf1 Bf5 13. Bxf5 Nxf5 14. Ne3 Nxe3 15. Bxe3 Qb5 16. Qb3 Qxb3 (16... a6 {looks sharper.} 17. Qxb5 axb5 18. Ne5 c6 19. Nd3 Nd7) 17. axb3 a6 18. Re1 Re8 19. Kf1 Kf8 20. Bc1 Rxe1+ (20... Ne4 {seems wilder.} 21. g4 g5 22. h4 f6 23. b4 Kg7) 21. Kxe1 $11 {[%mdl 4096] Endgame KBN-KBN} Ke7 22. Ke2 Ke6 23. Be3 Ne4 24. Nd2 Nxd2 25. Kxd2 $15 {KB-KB} c6 26. Ke2 Bc7 27. Kf3 Kf5 28. g4+ {The position is equal.} Ke6 29. Bf4 Bxf4 30. Kxf4 g5+ 31. Ke3 {Accuracy: White = 50%, Black = 42%.} 1/2-1/2